000 00730nam a2200181Ia 4500
008 151202s9999||||xx |||||||||||||| ||und||
082 _bPNVM-48310
100 _aपाल प्रदिप.
245 _aअमर चित्रकथा - राजा हरिश्‍चंद्र.
260 _b"मेहता पब्लिशिंग हाऊस, पुणे."
260 _c2002
300 _a0
600 _aपाल प्रदिप.
630 _aअमर चित्रकथा - राजा हरिश्‍चंद्र.
700 _aपाल प्रदिप.
730 _aअमर चित्रकथा - राजा हरिश्‍चंद्र.
942 _cBOOK
999 _c1314256
_d1314253